| 000 | 00524nam a22001817a 4500 | ||
|---|---|---|---|
| 003 | MPLRDC | ||
| 005 | 20220104144135.0 | ||
| 008 | 210129b ||||| |||| 00| 0 eng d | ||
| 082 | _a308.9 TXJ v.7 | ||
| 100 | _a大卫. 萨默维尔 | ||
| 245 |
_a澳大拉西亚与亚洲探险. 第七册 _c李谚文译 |
||
| 250 | _a初版 | ||
| 260 |
_a _b山东画报出版社 _c2002 |
||
| 300 | _b平 | ||
| 490 | _a探险家与探险丛书、格罗里埃学生文库 | ||
| 650 | _a儿童用科学丛书 | ||
| 942 |
_cBK _o308.9 TXJ v.7 |
||
| 999 |
_c46758 _d46748 |
||